| 000 | 00369nam a2200121 4500 | ||
|---|---|---|---|
| 008 | 180207b xxu||||| |||| 00| 0 eng d | ||
| 100 |
_926171 _aSalazar, Tessa R. |
||
| 245 |
_aSuddenly lost control of your truck/ _cTessa R. Salazar. |
||
| 260 |
_aPhilippines: _bPhilippine Daily Inquirer, _cc2016 |
||
| 300 | _apage B3 -3; | ||
| 650 | 0 |
_926178 _aAccidents |
|
| 942 |
_2ddc _cPER |
||
| 999 |
_c8450 _d8450 |
||